LIBRARY & INFORMATION CENTRE, KCAET, TAVANUR

ONLINE PUBLIC ACCESS CATALOGUE (OPAC)

Pilgrims progress / (Record no. 988)

MARC details
000 -LEADER
fixed length control field 00498cam a2200193ua 4500
041 ## - LANGUAGE CODE
Language code of text/sound track or separate title eng
082 ## - DEWEY DECIMAL CLASSIFICATION NUMBER
Classification number 823.308
Item number BUN/PIL
100 ## - MAIN ENTRY--AUTHOR NAME
Personal name Banyan, John .
245 ## - TITLE STATEMENT
Title Pilgrims progress /
260 ## - PUBLICATION, DISTRIBUTION, ETC. (IMPRINT)
Place of publication London :
Name of publisher J M Dent and Sons Ltd ,
Year of publication 1961.
300 ## - PHYSICAL DESCRIPTION
Number of Pages 335 ; .
490 0# - SERIES STATEMENT
Series statement Everyman`s Library,
Volume number/sequential designation 204
942 ## - ADDED ENTRY ELEMENTS (KOHA)
Koha item type Books
Holdings
Withdrawn status Lost status Damaged status Home library Current library Date acquired Full call number Accession Number Koha item type
      KAUAET KAUAET 07/04/2012 823.308 5112 Books
Withdrawn     KAUAET Sanskrit University 07/04/2012 823.308 5215 Books
Withdrawn     KAUAET Sanskrit University 07/04/2012 823.308 4139 Books
free website counter